[Event "SVK-Cup13 G6 corr"]
[Site "Slovakia"]
[Date "2003.01.20"]
[Round "37"]
[White "Penicka, Josef"]
[Black "Simoncic, Ladislav"]
[Result "1/2-1/2"]
[WhiteElo "1800"]
[BlackElo "1708"]
[PlyCount "53"]
[EventDate "2002.02.01"]
[EventType "tourn (corr)"]
[EventRounds "12"]
[EventCountry "SVK"]
[SourceTitle "Corr 2006"]
[Source "ChessBase"]
[SourceDate "2006.04.01"]
[SourceVersion "3"]
[SourceVersionDate "2006.04.01"]
[SourceQuality "1"]

1. d4 d5 2. c4 e6 3. Nc3 Nf6 4. Bg5 Be7 5. e3 0-0 6. Nf3 Nbd7 7. Rc1 c6 8. Bd3 dxc4 9. Bxc4 Nd5 10. Bxe7 Qxe7 11. 0-0 Nxc3 12. Rxc3 e5 13. Nxe5 Nxe5 14. dxe5 Qxe5 15. Qc2 Bf5 16. Bd3 Bxd3 17. Rxd3 Rad8 18. Rfd1 Rxd3 19. Rxd3 Qa5 20. h3 Rd8 21. Qc3 Qc7 22. Qe5 Qc8 23. Rd6 Qc7 24. Rd4 Qc8 25. Rd6 Qc7 26. Rd4 Qc8 27. Rd6 1/2-1/2

[Event "SVK-Cup13 G6 corr"]
[Site "Slovakia"]
[Date "2002.04.19"]
[Round "18"]
[White "Penicka, Josef"]
[Black "Kupec, Miroslav"]
[Result "1-0"]
[WhiteElo "1800"]
[BlackElo "2109"]
[PlyCount "21"]
[EventDate "2002.02.01"]
[EventType "tourn (corr)"]
[EventRounds "12"]
[EventCountry "SVK"]
[SourceTitle "Corr 2006"]
[Source "ChessBase"]
[SourceDate "2006.04.01"]
[SourceVersion "3"]
[SourceVersionDate "2006.04.01"]
[SourceQuality "1"]

1. d4 Nf6 2. c4 e6 3. Nc3 Bb4 4. a3 Bxc3+ 5. bxc3 c5 6. e3 Qa5 7. Bd2 Qc7 8. Bd3 Nc6 9. Nf3 e5 10. Nxe5 Qxe5 11. dxe5 1-0